00704nam a2200205Ii 45000010008000000030004000080050017000120080041000290200022000700400013000920820021001051000024001262450120001502600052002703000021003224900021003435040053003646300038004176300043004554335970OSt20190121191646.0781101s1977 miu 001 0 eng d a0801041716c$3.95 aMALcMAL aREF 220.6bH421A1 aHaley, John Wesley.13aAn examination of the alleged discrepancies of the Bible /cby John W. Haley ; with an introduction by Alvah Hovey. aGrand Rapids, Mich. :bBaker Book House,c1977. a473 p. ;c18 cm.0 aDirection books. aIncludes bibliographical references and indexes.00aBiblexEvidences, authority, etc.00aBiblexCriticism, interpretation, etc.